Eurovision 2025 - NF Singers (Impossible) - Statistics

General Stats
  • This quiz has been taken 128 times
    121 since last reset
  • The average score is 2 of 17
Answers on the Grid
Answers color-coded by a green-red scale on the quiz's grid according to % correct below.
Pri Azevedo
Daria Marx
Trine
Ziti Ceni
Dre' Curmi
Altsight
Nafsika
Goldylocks
Rea Nuhu
Elvana Gata
Mila
Bresh
Enleo
Haymara
Daniela Balasco
Max Elvar
Liza
Luna Causholli
Kjet
Böstir
Arvingarna
Shpat Deda
Carlos Ukerada
Evitza
Next In Line
Lorak
Kalais
Bartoni
Swingers
The Splitters
Damir Kedzo
Helvetti
Vatra
Marko Mandic
Siga
Cosby
 
Answer Stats
Answer % Correct
Mila
35%
Daria Marx
27%
Arvingarna
20%
Bresh
16%
Nafsika
15%
Cosby
12%
Altsight
11%
Siga
11%
Dre' Curmi
9%
Enleo
9%
Kalais
9%
Luna Causholli
9%
Rea Nuhu
9%
Swingers
9%
Pri Azevedo
8%
Haymara
4%
Trine
4%
No matching quizzes found
Score Distribution
Percent of People with Each Score
Percentile by Number Answered
Your Score History
You have not taken this quiz since the last reset